00536 2200169 4500245004700000020002200047250001100069100002000080700001700100650002100117005001900138260007600157041001400233084001000247300010000257336000900357 aSelelamatkan DirimucDewi CholidatulhText a978-602-244-947-8 aCet. 1 aDewi Cholidatul aOmega Hanifa aCerita Bergambar a20240902103548 aJakartabKementerian Pendidikan, Kebudayaan, Riset, dan Teknologic2022 aIndonesia a741.5 aAndika New Basic 20/34, Delight Snowy, Cloudy With a Chance of Love. ii, 30 hlm :b23 x 23 cm ; atext